000 00555nam a2200193Ia 4500
003 GCL
008 140319s9999 xx 000 0 ara d
040 _aGCL /
_cGCL
082 0 4 _a530.11
_bل م
100 1 _aلانداو، ليف
245 1 0 _aماهى نظرية النسيبة ? /
_cلانداو، ليف
700 1 _aرومر، يورى
260 _a[S.N] :
_bدار مير للطباعة والنشر ،
_c1969
300 _a77 ص
490 _a
650 0 4 _aالنسبية
650 0 4 _aالجاذبية الارضية
942 _2ddc
_cBK
999 _c29728
_d29728